[Event "Muensterland Regionalliga 1819"]
[Site "Germany"]
[Date "2019.03.02"]
[Round "7.5"]
[White "Langendijk, Andre"]
[Black "Kaufhold, Thomas"]
[Result "0-1"]
[WhiteElo "1907"]
[BlackElo "2035"]
[PlyCount "44"]
[EventDate "2018.09.08"]
[EventType "team-tourn"]
[EventRounds "9"]
[EventCountry "GER"]
[SourceTitle "EXT 2020"]
[Source "ChessBase"]
[SourceDate "2019.10.17"]
[SourceVersion "1"]
[SourceVersionDate "2019.10.17"]
[SourceQuality "1"]
[WhiteTeam "Gronau"]
[BlackTeam "Muenster II"]
[WhiteTeamCountry "GER"]
[BlackTeamCountry "GER"]

1. d4 Nf6 2. Bg5 e6 3. e3 d5 4. Bd3 Nbd7 5. f4 c5 6. c3 Qb6 7. Qc1 Ne4 8. Bxe4 dxe4 9. Nd2 f5 10. Nh3 Qb5 11. a4 Qd3 12. Nf1 a5 13. Qd1 Qxd1+ 14. Kxd1 Nb6 15. Nd2 Bd7 16. b3 Nd5 17. Nc4 Nxc3+ 18. Kc2 Nd5 19. Rhe1 cxd4 20. exd4 Bb4 21. Re2 b5 22. axb5 Bxb5 0-1

[Event "Muensterland Regionalliga 1819"]
[Site "Germany"]
[Date "2018.12.01"]
[Round "4.5"]
[White "Borutta, Niklas"]
[Black "Kaufhold, Thomas"]
[Result "0-1"]
[WhiteElo "2036"]
[BlackElo "2035"]
[PlyCount "64"]
[EventDate "2018.09.08"]
[EventType "team-tourn"]
[EventRounds "9"]
[EventCountry "GER"]
[SourceTitle "EXT 2020"]
[Source "ChessBase"]
[SourceDate "2019.10.17"]
[SourceVersion "1"]
[SourceVersionDate "2019.10.17"]
[SourceQuality "1"]
[WhiteTeam "Raesfeld Erle"]
[BlackTeam "Muenster II"]
[WhiteTeamCountry "GER"]
[BlackTeamCountry "GER"]

1. c4 e5 2. g3 g6 3. Bg2 Bg7 4. Nc3 Nc6 5. e3 d6 6. Nge2 Be6 7. d3 Qd7 8. 0-0 h5 9. h4 g5 10. hxg5 h4 11. f4 hxg3 12. Qe1 0-0-0 13. Qxg3 Nge7 14. e4 exf4 15. Bxf4 Rdg8 16. Kf2 f6 17. g6 Nxg6 18. Rh1 Nge5 19. d4 Bh6 20. Qh4 Nd3+ 21. Kf1 Nxf4 22. Nxf4 Rg4 23. Nxe6 Rxh4 24. Rxh4 Qxe6 25. Bh3 f5 26. d5 Qf6 27. Rh5 Ne7 28. Ke2 Kb8 29. Bxf5 a6 30. Rg1 Qd4 31. Rgh1 Qe3+ 32. Kd1 Qd2# 0-1

[Event "Muensterland Regionalliga 1516"]
[Site "Germany"]
[Date "2016.05.07"]
[Round "9.3"]
[White "Kaufhold, Thomas"]
[Black "Rebber, Christian"]
[Result "1-0"]
[WhiteElo "2014"]
[BlackElo "1870"]
[PlyCount "65"]
[EventDate "2015.09.05"]
[EventType "team"]
[EventRounds "9"]
[EventCountry "GER"]
[SourceTitle "EXT 2017"]
[Source "ChessBase"]
[SourceDate "2016.10.25"]
[SourceVersion "1"]
[SourceVersionDate "2016.10.25"]
[SourceQuality "1"]
[WhiteTeam "Muenster SK II"]
[BlackTeam "Duelmen"]
[WhiteTeamCountry "GER"]
[BlackTeamCountry "GER"]

1. d4 d5 2. Nf3 Nf6 3. c4 c6 4. Nc3 Bf5 5. Qb3 Qb6 6. c5 Qc7 7. Bf4 Qc8 8. h3 h6 9. e3 e6 10. Be2 Be7 11. 0-0 0-0 12. Qa4 Nbd7 13. b4 a6 14. Qb3 Ne4 15. Na4 Bd8 16. Nb2 Bc7 17. a4 Bxf4 18. exf4 Qc7 19. Nd3 Bh7 20. b5 axb5 21. axb5 cxb5 22. Nde5 Nxe5 23. fxe5 b6 24. Rxa8 Rxa8 25. Rc1 g5 26. c6 h5 27. Bxb5 f6 28. exf6 Qf4 29. Qe3 Qxf6 30. c7 Nd6 31. Bd7 g4 32. hxg4 hxg4 33. Qxe6+ 1-0

[Event "Muensterland Regionalliga 1516"]
[Site "Germany"]
[Date "2016.04.09"]
[Round "8.7"]
[White "Sprenger, Franz"]
[Black "Kaufhold, Thomas"]
[Result "0-1"]
[WhiteElo "1669"]
[BlackElo "2014"]
[PlyCount "76"]
[EventDate "2015.09.05"]
[EventType "team"]
[EventRounds "9"]
[EventCountry "GER"]
[SourceTitle "EXT 2017"]
[Source "ChessBase"]
[SourceDate "2016.10.25"]
[SourceVersion "1"]
[SourceVersionDate "2016.10.25"]
[SourceQuality "1"]
[WhiteTeam "Gronau"]
[BlackTeam "Muenster SK II"]
[WhiteTeamCountry "GER"]
[BlackTeamCountry "GER"]

1. e4 Nf6 2. Nc3 e6 3. d4 d5 4. exd5 exd5 5. Nf3 Bg4 6. Be2 c6 7. 0-0 Bd6 8. Bg5 0-0 9. Ne5 Bxe2 10. Nxe2 Re8 11. f4 Be7 12. Ng3 Ne4 13. Bxe7 Qxe7 14. Nf5 Qc7 15. Qg4 f6 16. Nf7 g6 17. N5h6+ Kg7 18. f5 Qd7 19. h4 Re7 20. Rae1 Rxf7 21. Nxf7 Qxf7 22. h5 g5 23. Rf4 Na6 24. c4 Re8 25. cxd5 cxd5 26. Rc1 Nb4 27. Rf3 Nc6 28. a3 Qd7 29. h6+ Kf8 30. Rd1 Nd6 31. Qh3 Re4 32. g4 Nxd4 33. Rfd3 Ne2+ 34. Kh2 Nf4 35. Rxd5 Nxh3 36. Rxd6 Qc7 37. Kxh3 Re3+ 38. Kg2 Qc2+ 0-1

[Event "Muensterland Regionalliga 1516"]
[Site "Germany"]
[Date "2016.01.30"]
[Round "6.8"]
[White "Kaufhold, Thomas"]
[Black "Sparwel, Oliver"]
[Result "1-0"]
[WhiteElo "2014"]
[BlackElo "1962"]
[PlyCount "115"]
[EventDate "2015.09.05"]
[EventType "team"]
[EventRounds "9"]
[EventCountry "GER"]
[SourceTitle "EXT 2017"]
[Source "ChessBase"]
[SourceDate "2016.10.25"]
[SourceVersion "1"]
[SourceVersionDate "2016.10.25"]
[SourceQuality "1"]
[WhiteTeam "Muenster SK II"]
[BlackTeam "Suedlohn"]
[WhiteTeamCountry "GER"]
[BlackTeamCountry "GER"]

1. d4 d6 2. c4 Nf6 3. Nc3 e5 4. d5 Be7 5. e4 0-0 6. Bd3 a5 7. Nge2 Na6 8. 0-0 Nc5 9. Bc2 Bd7 10. f3 Ne8 11. Be3 b6 12. Qd2 g6 13. f4 exf4 14. Bxf4 Bf6 15. Rae1 Qe7 16. Nd4 Be5 17. Nc6 Bxc6 18. dxc6 Bxf4 19. Rxf4 Qe5 20. Nd5 Ne6 21. Rf2 Qxb2 22. e5 Kg7 23. exd6 Nxd6 24. Nxc7 Nxc4 25. Nxe6+ fxe6 26. Qd7+ Kh6 27. Rfe2 Qf6 28. Qxe6 Qxe6 29. Rxe6 Rac8 30. Bd3 b5 31. a4 Rfd8 32. Bf1 Nb6 33. c7 Rxc7 34. Rxb6 bxa4 35. Ra1 Rd4 36. Rb5 Ra7 37. Rc5 g5 38. Rc6+ Kg7 39. Rc4 Rxc4 40. Bxc4 Kf6 41. Kf2 Ke5 42. Ke3 h5 43. Rxa4 h4 44. h3 Ra8 45. Bd3 Kf6 46. Be4 Ra7 47. Kd4 g4 48. hxg4 Kg5 49. Bf5 Kf4 50. Ra3 Ra8 51. Kc4 a4 52. Rf3+ Kg5 53. Kb4 Rb8+ 54. Ka3 Ra8 55. g3 hxg3 56. Rxg3 Kf4 57. Rc3 Kg5 58. Rc4 1-0

[Event "NRW Class1 1415"]
[Site "Germany"]
[Date "2015.03.01"]
[Round "7.8"]
[White "Kaufhold, Thomas"]
[Black "Hagenhoff, Georg"]
[Result "1-0"]
[WhiteElo "2005"]
[BlackElo "1705"]
[PlyCount "73"]
[EventDate "2014.09.14"]
[EventType "team-tourn"]
[EventRounds "9"]
[EventCountry "GER"]
[SourceTitle "EXT 2017"]
[Source "ChessBase"]
[SourceDate "2016.10.25"]
[SourceVersion "1"]
[SourceVersionDate "2016.10.25"]
[SourceQuality "1"]
[WhiteTeam "Muenster II"]
[BlackTeam "Lippstadt Turm"]
[WhiteTeamCountry "GER"]
[BlackTeamCountry "GER"]

1. d4 d5 2. Nf3 Nf6 3. c4 e6 4. Nc3 Be7 5. Bg5 b6 6. cxd5 exd5 7. e3 0-0 8. Qc2 h6 9. Bh4 c5 10. Be2 Bb7 11. 0-0 Nbd7 12. Rac1 Rc8 13. Bd3 Ne4 14. Bg3 Nxg3 15. hxg3 Nf6 16. Bf5 Rb8 17. Ne5 a6 18. Rfd1 Qd6 19. Nd3 cxd4 20. exd4 g6 21. Bh3 Bc8 22. Qb3 Bxh3 23. gxh3 Rbc8 24. Nf4 Rfd8 25. Na4 Rxc1 26. Rxc1 g5 27. Nd3 Rb8 28. Ne5 b5 29. Nc5 Rc8 30. Rc3 Rc7 31. Qa3 Ne4 32. Nxe4 Qxe5 33. dxe5 Bxa3 34. Rxc7 Bxb2 35. Nf6+ Kg7 36. Nxd5 Bxe5 37. Ra7 1-0

[Event "Muensterland Regionalliga 1314"]
[Site "Germany"]
[Date "2014.01.18"]
[Round "5.8"]
[White "Boenigk, Winfried"]
[Black "Kaufhold, Thomas"]
[Result "1-0"]
[WhiteElo "1728"]
[BlackElo "2010"]
[PlyCount "48"]
[EventDate "2013.09.07"]
[EventType "team-tourn"]
[EventRounds "9"]
[EventCountry "GER"]
[SourceTitle "EXT 2015"]
[Source "ChessBase"]
[SourceDate "2014.11.20"]
[SourceVersion "1"]
[SourceVersionDate "2014.11.20"]
[SourceQuality "1"]
[WhiteTeam "Olfen"]
[BlackTeam "Muenster SK II"]
[WhiteTeamCountry "GER"]
[BlackTeamCountry "GER"]

1. d4 Nf6 2. c4 g6 3. Nc3 Bg7 4. e4 d6 5. f3 0-0 6. Be3 Nc6 7. Qd2 a6 8. Bd3 e5 9. d5 Nd4 10. Nge2 Ne8 11. h4 h5 12. 0-0-0 c5 13. dxc6 bxc6 14. Bh6 Be6 15. Bxg7 Kxg7 16. Nxd4 exd4 17. Ne2 c5 18. Nf4 Nf6 19. Rde1 Nd7 20. Nxe6+ fxe6 21. f4 e5 22. f5 Rf6 23. Qg5 Qh8 24. g4 Qh6 1-0

[Event "Muensterland Regionalliga 1314"]
[Site "Germany"]
[Date "2013.09.07"]
[Round "1.8"]
[White "Baumann, Stephan"]
[Black "Kaufhold, Thomas"]
[Result "0-1"]
[WhiteElo "1853"]
[BlackElo "2010"]
[PlyCount "66"]
[EventDate "2013.09.07"]
[EventType "team-tourn"]
[EventRounds "9"]
[EventCountry "GER"]
[SourceTitle "EXT 2015"]
[Source "ChessBase"]
[SourceDate "2014.11.20"]
[SourceVersion "1"]
[SourceVersionDate "2014.11.20"]
[SourceQuality "1"]
[WhiteTeam "Muenster SK III"]
[BlackTeam "Muenster SK II"]
[WhiteTeamCountry "GER"]
[BlackTeamCountry "GER"]

1. e4 Nf6 2. Nc3 e6 3. d4 d5 4. e5 Nfd7 5. Nf3 c5 6. Be3 Nc6 7. Bb5 a6 8. Bxc6 bxc6 9. Ne2 cxd4 10. Nexd4 c5 11. Nb3 a5 12. 0-0 a4 13. Nc1 Be7 14. Nd3 0-0 15. Rb1 Ba6 16. Re1 Qc7 17. Bd2 Rfb8 18. Bc3 a3 19. bxa3 Bc4 20. Bb2 Bxa2 21. Ra1 Bc4 22. Bc1 Bb5 23. h4 Ra6 24. Bg5 Bf8 25. Nh2 Rba8 26. Ng4 c4 27. Nf4 h6 28. Nxh6+ gxh6 29. Qh5 Nxe5 30. Bf6 Ng6 31. Be5 Nxe5 32. Rxe5 Bg7 33. Qg4 Qxe5 0-1

[Event "NRW Class1 1213"]
[Site "Germany"]
[Date "2013.04.07"]
[Round "8.6"]
[White "Kaufhold, Thomas"]
[Black "Boehnke, Martin"]
[Result "0-1"]
[WhiteElo "2015"]
[BlackElo "2100"]
[PlyCount "80"]
[EventDate "2012.09.16"]
[EventType "team-tourn"]
[EventRounds "9"]
[EventCountry "GER"]
[SourceTitle "EXT 2017"]
[Source "ChessBase"]
[SourceDate "2016.10.25"]
[SourceVersion "1"]
[SourceVersionDate "2016.10.25"]
[SourceQuality "1"]
[WhiteTeam "Muenster II"]
[BlackTeam "Castrop Rauxel"]
[WhiteTeamCountry "GER"]
[BlackTeamCountry "GER"]

1. d4 d5 2. Nf3 Nf6 3. c4 c6 4. Nc3 dxc4 5. e4 b5 6. a4 b4 7. Nb1 Nxe4 8. Bxc4 e6 9. 0-0 Nd7 10. Qc2 Nef6 11. Bg5 Be7 12. Nbd2 Bb7 13. Nb3 0-0 14. Ne5 Nxe5 15. dxe5 Nd7 16. Bf4 c5 17. Rfe1 g6 18. Rad1 Qc7 19. Nd2 Nb6 20. Bd3 Rfd8 21. Ne4 Bxe4 22. Rxe4 Rac8 23. Rc1 Qb7 24. b3 Rd4 25. Be3 Rxe4 26. Bxe4 Qc7 27. f4 Nd5 28. Bd2 a5 29. g3 Nb6 30. Be3 Nd5 31. Bd2 Rd8 32. Kf2 Qd7 33. Be1 Nb6 34. Ke2 c4 35. bxc4 Nxa4 36. Ra1 Nc5 37. Rxa5 b3 38. Qb1 Qd4 39. Kf3 Qxc4 40. Ra7 Nxe4 0-1

[Event "NRW Class1 1213"]
[Site "Germany"]
[Date "2013.03.10"]
[Round "7.7"]
[White "Hunold, Rolf"]
[Black "Kaufhold, Thomas"]
[Result "1/2-1/2"]
[WhiteElo "1991"]
[BlackElo "2015"]
[PlyCount "42"]
[EventDate "2012.09.16"]
[EventType "team-tourn"]
[EventRounds "9"]
[EventCountry "GER"]
[SourceTitle "EXT 2017"]
[Source "ChessBase"]
[SourceDate "2016.10.25"]
[SourceVersion "1"]
[SourceVersionDate "2016.10.25"]
[SourceQuality "1"]
[WhiteTeam "Letmathe"]
[BlackTeam "Muenster II"]
[WhiteTeamCountry "GER"]
[BlackTeamCountry "GER"]

1. e4 Nf6 2. e5 Nd5 3. d4 d6 4. Nf3 g6 5. Be2 Bg7 6. 0-0 0-0 7. c4 Nb6 8. Be3 Nc6 9. exd6 cxd6 10. h3 d5 11. c5 Nc4 12. Bxc4 dxc4 13. Na3 e5 14. dxe5 Bf5 15. Qxd8 Raxd8 16. Nxc4 Bd3 17. Rfc1 Be2 18. Rab1 Bd3 19. Ra1 Be2 20. Rab1 Bd3 21. Ra1 Be2 1/2-1/2

[Event "NRW Class1 1213"]
[Site "Germany"]
[Date "2012.12.16"]
[Round "4.5"]
[White "Kaufhold, Thomas"]
[Black "Cebulla, Konstantin"]
[Result "1-0"]
[WhiteElo "2015"]
[BlackElo "2142"]
[PlyCount "103"]
[EventDate "2012.09.16"]
[EventType "team-tourn"]
[EventRounds "9"]
[EventCountry "GER"]
[SourceTitle "EXT 2017"]
[Source "ChessBase"]
[SourceDate "2016.10.25"]
[SourceVersion "1"]
[SourceVersionDate "2016.10.25"]
[SourceQuality "1"]
[WhiteTeam "Muenster II"]
[BlackTeam "Dinslaken"]
[WhiteTeamCountry "GER"]
[BlackTeamCountry "GER"]

1. d4 d5 2. Nf3 Nf6 3. c4 e6 4. Nc3 Nbd7 5. cxd5 exd5 6. Bg5 Be7 7. e3 c6 8. Bd3 0-0 9. Qc2 Re8 10. 0-0 g6 11. a3 Nh5 12. Bxe7 Qxe7 13. b4 a6 14. Rab1 Nb6 15. a4 Be6 16. b5 axb5 17. axb5 c5 18. dxc5 Qxc5 19. Rfc1 Rec8 20. Nd4 Ra3 21. Rb3 Kf8 22. Qb2 Rxb3 23. Qxb3 Ra8 24. Nce2 Qd6 25. Qb2 Bd7 26. h3 Qa3 27. Qd2 Nf6 28. Rc3 Qd6 29. Qc1 Ke8 30. Nb3 Ke7 31. Nc5 Ra7 32. Nd4 Bc8 33. Ncb3 Ra8 34. Nc6+ Ke8 35. Nca5 Kd8 36. e4 d4 37. Rc5 Nfd7 38. Rc2 Qb4 39. Qg5+ Qe7 40. Qf4 Ne5 41. Bf1 Ke8 42. Qh6 d3 43. Rd2 Rxa5 44. Nxa5 Qb4 45. Ra2 Be6 46. Qd2 Qxe4 47. Rb2 Bxh3 48. Rb4 Nbc4 49. Nxc4 Nxc4 50. Qxd3 Qxd3 51. Bxd3 Ne5 52. Re4 1-0

[Event "NRW Class1 1213"]
[Site "Germany"]
[Date "2012.11.18"]
[Round "3.6"]
[White "Kaufhold, Thomas"]
[Black "Roemhild, Marcus"]
[Result "0-1"]
[WhiteElo "2015"]
[BlackElo "2012"]
[PlyCount "72"]
[EventDate "2012.09.16"]
[EventType "team-tourn"]
[EventRounds "9"]
[EventCountry "GER"]
[SourceTitle "EXT 2017"]
[Source "ChessBase"]
[SourceDate "2016.10.25"]
[SourceVersion "1"]
[SourceVersionDate "2016.10.25"]
[SourceQuality "1"]
[WhiteTeam "Muenster II"]
[BlackTeam "Lippstadt Turm"]
[WhiteTeamCountry "GER"]
[BlackTeamCountry "GER"]

1. d4 Nf6 2. c4 c5 3. d5 b5 4. Nd2 bxc4 5. e4 c3 6. bxc3 g6 7. Qa4 Bg7 8. Bd3 0-0 9. Ne2 d6 10. 0-0 Nbd7 11. Nc4 Nb6 12. Nxb6 Qxb6 13. Rb1 Qd8 14. Bd2 Bd7 15. Qa6 Bc8 16. Qc6 Bd7 17. Qa6 Bc8 18. Qa3 a5 19. Rb2 Ra7 20. Rfb1 Qc7 21. f3 Nd7 22. Nc1 Ne5 23. Bf1 Ba6 24. Bxa6 Rxa6 25. Rb7 Qd8 26. Bg5 f6 27. Bf4 Nf7 28. Qa4 Qe8 29. Qb3 Ra8 30. Ne2 a4 31. Qb6 Ne5 32. Qc7 f5 33. Qxe7 Qxe7 34. Rxe7 fxe4 35. fxe4 a3 36. Rb3 Ra4 0-1

[Event "Muensterland Verbandsliga 0910"]
[Site "Germany"]
[Date "2010.05.08"]
[Round "9.7"]
[White "Kaufhold, Thomas"]
[Black "Becker, Daniel"]
[Result "1/2-1/2"]
[WhiteElo "1986"]
[BlackElo "1921"]
[PlyCount "63"]
[EventDate "2009.09.26"]
[EventType "team-tourn"]
[EventRounds "9"]
[EventCountry "GER"]
[SourceTitle "EXT 2011"]
[Source "ChessBase"]
[SourceDate "2010.11.26"]
[SourceVersion "1"]
[SourceVersionDate "2010.11.26"]
[SourceQuality "1"]
[WhiteTeam "Muenster II"]
[BlackTeam "Nienberge"]
[WhiteTeamCountry "GER"]
[BlackTeamCountry "GER"]

1. d4 g6 2. c4 Bg7 3. Nc3 d6 4. e4 Nc6 5. Be3 e5 6. d5 Nce7 7. Qd2 f5 8. f3 Nf6 9. Be2 0-0 10. 0-0-0 a6 11. Kb1 Rb8 12. Rc1 c5 13. Nh3 b5 14. Bd3 fxe4 15. fxe4 bxc4 16. Bxc4 Ng4 17. Bg5 h6 18. Bh4 g5 19. Be1 Qb6 20. Nf2 Ne3 21. Na4 Nxc4 22. Rxc4 Qb5 23. Qc2 Rf4 24. Nd3 Nxd5 25. Bd2 Rxe4 26. Rxe4 Bf5 27. Rc4 e4 28. Ndxc5 e3 29. Qxf5 Qxc4 30. Qe6+ Kh8 31. Qxd6 Rf8 32. Bxe3 1/2-1/2

[Event "Muensterland Verbandsliga 0910"]
[Site "Germany"]
[Date "2010.02.06"]
[Round "6.6"]
[White "Kaufhold, Thomas"]
[Black "Herdering, Martin"]
[Result "1-0"]
[WhiteElo "1986"]
[BlackElo "1812"]
[PlyCount "45"]
[EventDate "2009.09.26"]
[EventType "team-tourn"]
[EventRounds "9"]
[EventCountry "GER"]
[SourceTitle "EXT 2011"]
[Source "ChessBase"]
[SourceDate "2010.11.26"]
[SourceVersion "1"]
[SourceVersionDate "2010.11.26"]
[SourceQuality "1"]
[WhiteTeam "Muenster II"]
[BlackTeam "Heiden"]
[WhiteTeamCountry "GER"]
[BlackTeamCountry "GER"]

1. d4 d5 2. Nf3 c6 3. c4 e6 4. Nc3 Nf6 5. e3 Nbd7 6. Bd3 Bd6 7. 0-0 0-0 8. b3 e5 9. cxd5 cxd5 10. dxe5 Nxe5 11. Be2 Nxf3+ 12. Bxf3 Bxh2+ 13. Kxh2 Qc7+ 14. Kg1 Qxc3 15. Ba3 Re8 16. Rc1 Qe5 17. Qe2 Ne4 18. Bb2 Qd6 19. Rfd1 Bf5 20. Qb5 Rad8 21. Qxb7 Re7 22. Qb5 Re6 23. Rxd5 1-0

[Event "Muensterland Verbandsliga 0809"]
[Site "Germany"]
[Date "2009.01.10"]
[Round "5.6"]
[White "Kaufhold, Thomas"]
[Black "Sommer, Uwe"]
[Result "0-1"]
[WhiteElo "2011"]
[BlackElo "1984"]
[PlyCount "80"]
[EventDate "2008.09.20"]
[EventType "team-tourn"]
[EventRounds "9"]
[EventCountry "GER"]
[SourceTitle "EXT 2010"]
[Source "ChessBase"]
[SourceDate "2010.11.25"]
[SourceVersion "1"]
[SourceVersionDate "2010.11.25"]
[SourceQuality "1"]
[WhiteTeam "Muenster SK II"]
[BlackTeam "Westbevern"]
[WhiteTeamCountry "GER"]
[BlackTeamCountry "GER"]

1. d4 g6 2. c4 Bg7 3. Nc3 d6 4. e4 Nc6 5. Be3 e5 6. d5 Nd4 7. Nge2 Nxe2 8. Bxe2 f5 9. exf5 Bxf5 10. Qa4+ Bd7 11. Qb3 b6 12. 0-0-0 Nh6 13. Ne4 0-0 14. Bg5 Qe8 15. Ng3 Ba4 16. Qe3 Bxd1 17. Bxd1 Nf5 18. Nxf5 gxf5 19. Qh3 e4 20. Bf4 Qg6 21. Kb1 Qf6 22. Bc1 Qd4 23. f3 Rae8 24. fxe4 fxe4 25. Qe3 Rf2 26. Qxd4 Bxd4 27. Bg4 Re5 28. Be6+ Kf8 29. Bh6+ Ke7 30. Bg7 Rxb2+ 31. Kc1 Rxa2 32. Bxe5 dxe5 33. Re1 e3 34. Kd1 Rd2+ 35. Kc1 Rxg2 36. h3 a5 37. Bg4 a4 38. Be2 Bc3 39. Bf3 Bd2+ 40. Kd1 Rf2 0-1

[Event "Muensterland Verbandsliga 0809"]
[Site "Germany"]
[Date "2008.12.13"]
[Round "4.5"]
[White "Kaufhold, Thomas"]
[Black "Woestmann, Ulrich"]
[Result "1/2-1/2"]
[WhiteElo "2011"]
[BlackElo "2046"]
[PlyCount "75"]
[EventDate "2008.09.20"]
[EventType "team-tourn"]
[EventRounds "9"]
[EventCountry "GER"]
[SourceTitle "EXT 2010"]
[Source "ChessBase"]
[SourceDate "2010.11.25"]
[SourceVersion "1"]
[SourceVersionDate "2010.11.25"]
[SourceQuality "1"]
[WhiteTeam "Muenster SK II"]
[BlackTeam "Sendenhorst"]
[WhiteTeamCountry "GER"]
[BlackTeamCountry "GER"]

1. d4 Nf6 2. c4 g6 3. Nc3 d5 4. Bf4 Bg7 5. Rc1 c6 6. e3 0-0 7. Nf3 Qa5 8. Nd2 Ne4 9. Ncxe4 dxe4 10. b4 Qxb4 11. Bc7 b6 12. c5 Na6 13. cxb6 Nxc7 14. bxc7 Qd6 15. Qa4 Qxc7 16. Nxe4 Qb6 17. Bc4 e5 18. d5 Bf5 19. Ng5 cxd5 20. Bxd5 Rac8 21. 0-0 Bd3 22. Rfd1 Rxc1 23. Rxc1 Qb2 24. Qd1 e4 25. Bxe4 Bxe4 26. Nxe4 Qxa2 27. h4 Qe6 28. Ng5 Qb6 29. Rb1 Qc6 30. Rc1 Qb5 31. Rb1 Qc4 32. g3 h6 33. Nf3 a5 34. Nd4 a4 35. Ra1 Ra8 36. Ra3 Bxd4 37. exd4 Qb4 38. Qa1 1/2-1/2

[Event "Muensterland Verbandsklasse-A 0708"]
[Site "Germany"]
[Date "2008.04.12"]
[Round "8.2"]
[White "Kaufhold, Thomas"]
[Black "Darwisch, Khaled"]
[Result "1/2-1/2"]
[WhiteElo "2011"]
[BlackElo "1885"]
[PlyCount "91"]
[EventDate "2007.09.22"]
[EventType "team"]
[EventRounds "9"]
[EventCountry "GER"]
[SourceTitle "EXT 2009"]
[Source "ChessBase"]
[SourceDate "2008.11.26"]
[SourceVersion "1"]
[SourceVersionDate "2008.11.26"]
[SourceQuality "1"]
[WhiteTeam "Muenster SK III"]
[BlackTeam "Ahaus Wessum"]
[WhiteTeamCountry "GER"]
[BlackTeamCountry "GER"]

1. d4 Nf6 2. c4 d6 3. Nc3 Nc6 4. e4 e5 5. d5 Nd4 6. Nge2 Bg4 7. Qd3 Bxe2 8. Nxe2 c5 9. dxc6 Nxc6 10. f3 Nd7 11. Be3 Nb4 12. Qd2 Qa5 13. Kf2 Nc5 14. Nc1 Ne6 15. a3 Nc6 16. b4 Qa4 17. Bd3 Ncd4 18. Ne2 Nxe2 19. Bxe2 Qc6 20. Rab1 Be7 21. c5 dxc5 22. bxc5 0-0 23. Bb5 Qc7 24. Rhc1 Nxc5 25. Bc4 Rad8 26. Bd5 b6 27. Kg1 Kh8 28. Qa2 f5 29. exf5 Rxf5 30. Be4 Rff8 31. a4 Qd7 32. Bc2 Ne6 33. a5 Nd4 34. Be4 Bc5 35. Kh1 Qe7 36. Qf2 Qf6 37. Qe1 Rd7 38. axb6 axb6 39. Rc4 Ra7 40. Qg3 Nf5 41. Bxf5 Qxf5 42. Re1 Bxe3 43. Rxe3 Qb1+ 44. Re1 Ra1 45. Rce4 Qxe4 46. Rxa1 1/2-1/2

[Event "Muensterland Verbandsklasse-A 0708"]
[Site "Germany"]
[Date "2008.02.16"]
[Round "6.2"]
[White "Kaufhold, Thomas"]
[Black "Noering, Andreas"]
[Result "1/2-1/2"]
[WhiteElo "2011"]
[BlackElo "1796"]
[PlyCount "82"]
[EventDate "2007.09.22"]
[EventType "team"]
[EventRounds "9"]
[EventCountry "GER"]
[SourceTitle "EXT 2009"]
[Source "ChessBase"]
[SourceDate "2008.11.26"]
[SourceVersion "1"]
[SourceVersionDate "2008.11.26"]
[SourceQuality "1"]
[WhiteTeam "Muenster SK III"]
[BlackTeam "Emsdetten Rochade"]
[WhiteTeamCountry "GER"]
[BlackTeamCountry "GER"]

1. d4 d5 2. Nf3 Nf6 3. c4 c6 4. e3 Bg4 5. Nc3 Nbd7 6. Qb3 Qb6 7. cxd5 Qxb3 8. axb3 Nxd5 9. Nxd5 cxd5 10. Bb5 Bxf3 11. gxf3 e6 12. Bd2 Bd6 13. e4 dxe4 14. fxe4 a6 15. Ke2 Rc8 16. Rhc1 Rxc1 17. Rxc1 Kd8 18. e5 Bc7 19. Bd3 f5 20. Bg5+ Kc8 21. d5 Kb8 22. dxe6 Nxe5 23. Bf4 Nc6 24. Bxc7+ Kxc7 25. Bxf5 Kd6 26. Ke3 Ne7 27. Bh3 Rf8 28. Rd1+ Nd5+ 29. Ke2 Ke5 30. Re1 Kd6 31. Kf1 Ke7 32. Bg2 Rd8 33. Re4 g5 34. Re5 Nf4 35. Bxb7 Rb8 36. Bxa6 Rxb3 37. Rb5 Rh3 38. Rxg5 Rxh2 39. Ke1 Kxe6 40. Bc4+ Kf6 41. Ra5 Nh3 1/2-1/2

[Event "Muensterland Verbandsklasse-A 0708"]
[Site "Germany"]
[Date "2007.12.15"]
[Round "4.1"]
[White "Richter, Juergen"]
[Black "Kaufhold, Thomas"]
[Result "1/2-1/2"]
[WhiteElo "2000"]
[BlackElo "2011"]
[PlyCount "23"]
[EventDate "2007.09.22"]
[EventType "team"]
[EventRounds "9"]
[EventCountry "GER"]
[SourceTitle "EXT 2009"]
[Source "ChessBase"]
[SourceDate "2008.11.26"]
[SourceVersion "1"]
[SourceVersionDate "2008.11.26"]
[SourceQuality "1"]
[WhiteTeam "Ibbenbueren"]
[BlackTeam "Muenster SK III"]
[WhiteTeamCountry "GER"]
[BlackTeamCountry "GER"]

1. d4 Nf6 2. Bg5 e6 3. Nd2 c5 4. e3 d5 5. c3 Be7 6. Ngf3 0-0 7. Bd3 b6 8. Ne5 Nfd7 9. Bxe7 Qxe7 10. Nxd7 Nxd7 11. 0-0 Bb7 12. Qc2 1/2-1/2

[Event "Muensterland Verbandsklasse-A 0708"]
[Site "Germany"]
[Date "2007.09.15"]
[Round "1.2"]
[White "Kaufhold, Thomas"]
[Black "Wehling, Ulrich"]
[Result "1-0"]
[WhiteElo "2011"]
[BlackElo "1650"]
[PlyCount "79"]
[EventDate "2007.09.22"]
[EventType "team"]
[EventRounds "9"]
[EventCountry "GER"]
[SourceTitle "EXT 2009"]
[Source "ChessBase"]
[SourceDate "2008.11.26"]
[SourceVersion "1"]
[SourceVersionDate "2008.11.26"]
[SourceQuality "1"]
[WhiteTeam "Muenster SK III"]
[BlackTeam "Muenster SK IV"]
[WhiteTeamCountry "GER"]
[BlackTeamCountry "GER"]

1. d4 Nf6 2. c4 e6 3. Nf3 b6 4. g3 Bb7 5. Bg2 Be7 6. 0-0 0-0 7. Nc3 d6 8. d5 e5 9. e4 Bc8 10. Ne1 Bg4 11. Bf3 Bxf3 12. Qxf3 Qd7 13. Nd3 a5 14. Bd2 Qh3 15. Rae1 Nbd7 16. Nb5 Ne8 17. Qe2 f5 18. f4 fxe4 19. Qxe4 Ndf6 20. Qg2 Qf5 21. Nxe5 dxe5 22. fxe5 Bc5+ 23. Kh1 Qc8 24. exf6 Nxf6 25. Bc3 Ng4 26. Bd4 Bb4 27. Re6 Rxf1+ 28. Qxf1 Qf8 29. Qxf8+ Rxf8 30. Kg2 Bc5 31. Bxc5 bxc5 32. h3 Nf6 33. Nxc7 Rb8 34. b3 a4 35. Na6 Ra8 36. Nxc5 axb3 37. axb3 Ra2+ 38. Kf3 Rd2 39. Re3 h5 40. Ne4 1-0